[Event "Benidorm op-A"]
[Site "Benidorm"]
[Date "2022.12.07"]
[Round "5"]
[White "Sanchez, Jorge Luis"]
[Black "Garcia Callejo, Jesus"]
[Result "1/2-1/2"]
[WhiteElo "2095"]
[BlackElo "2138"]
[PlyCount "60"]
[EventDate "2022.12.03"]
[EventType "swiss"]
[EventRounds "9"]
[EventCountry "ESP"]
[SourceTitle "CBM 211 Extra"]
[Source "ChessBase"]
[SourceDate "2023.01.31"]
[SourceVersion "1"]
[SourceVersionDate "2023.01.31"]
[SourceQuality "1"]

1. e4 c6 2. d4 d5 3. Nc3 dxe4 4. Nxe4 Nf6 5. Ng5 h6 6. N5f3 Bf5 7. Bc4 Nbd7 8. Ne2 e6 9. Ng3 Bh7 10. Bd3 Bxd3 11. Qxd3 Bd6 12. Bd2 Qc7 13. 0-0-0 0-0-0 14. Ne4 Nxe4 15. Qxe4 Nf6 16. Qe2 c5 17. Kb1 a6 18. Bc3 Nd5 19. Bd2 c4 20. Qe1 Kb8 21. Ne5 Rc8 22. c3 Bxe5 23. dxe5 Qc6 24. f3 Rcd8 25. Qg3 g6 26. Rhe1 b5 27. Ka1 Rd7 28. Bc1 h5 29. Bg5 Rc8 30. Qf2 Rcc7 1/2-1/2

[Event "American Continental 13th"]
[Site "Medellin"]
[Date "2017.06.11"]
[Round "2"]
[White "Descarrega Zacarias, Vanessa"]
[Black "Sanchez, Jorge Luis"]
[Result "0-1"]
[WhiteElo "1883"]
[BlackElo "2092"]
[PlyCount "68"]
[EventDate "2017.06.10"]
[EventType "swiss"]
[EventRounds "11"]
[EventCountry "COL"]
[SourceTitle "CBM 178 Extra"]
[Source "ChessBase"]
[SourceDate "2017.06.22"]
[SourceVersion "1"]
[SourceVersionDate "2017.06.22"]
[SourceQuality "1"]

1. e4 c5 2. Nf3 d6 3. d4 cxd4 4. Nxd4 Nf6 5. Nc3 g6 6. Be2 Bg7 7. Be3 0-0 8. 0-0 Nc6 9. f4 Bd7 10. Qd2 Rc8 11. f5 Ne5 12. h3 a6 13. g4 Rxc3 14. bxc3 Nxe4 15. Qe1 Qc7 16. g5 Rc8 17. Qh4 Nxc3 18. f6 Nxe2+ 19. Nxe2 Bf8 20. fxe7 Bxe7 21. Nd4 Qd8 22. Bf4 Be8 23. Rab1 b5 24. Rfc1 Rc4 25. c3 Nd3 26. Rc2 Nxf4 27. Qxf4 Bf8 28. Qg3 Rc5 29. h4 Bg7 30. Re2 Be5 31. Qd3 Qc8 32. Re3 Bd7 33. h5 Qd8 34. Nf3 Rxc3 0-1

[Event "Olympiad-41"]
[Site "Tromsoe"]
[Date "2014.08.06"]
[Round "5.2"]
[White "Sanchez, Jorge Luis"]
[Black "Simonet, Marc"]
[Result "0-1"]
[WhiteElo "2090"]
[BlackElo "2222"]
[PlyCount "94"]
[EventDate "2014.08.02"]
[EventType "team-swiss"]
[EventRounds "11"]
[EventCountry "NOR"]
[SourceTitle "CBM 162"]
[Source "ChessBase"]
[SourceDate "2014.09.17"]
[SourceVersion "1"]
[SourceVersionDate "2014.09.17"]
[SourceQuality "1"]
[WhiteTeam "Panama"]
[BlackTeam "Andorra"]
[WhiteTeamCountry "PAN"]
[BlackTeamCountry "AND"]

1. e4 c5 2. Nf3 Nc6 3. d4 cxd4 4. Nxd4 e5 5. Nb5 d6 6. N1c3 a6 7. Na3 Be7 8. Nc4 b5 9. Ne3 Nf6 10. g3 h5 11. Bg2 h4 12. Ncd5 Nd4 13. Nxf6+ Bxf6 14. c3 h3 15. Bf1 Nc6 16. a4 b4 17. Bc4 Be6 18. Nd5 bxc3 19. bxc3 Ne7 20. 0-0 a5 21. Ba3 Bg5 22. Bb5+ Kf8 23. f4 Bxd5 24. fxg5 Bxe4 25. Qxd6 Qxd6 26. Bxd6 Rd8 27. Bxe5 Ng6 28. Bc7 Rc8 29. Bxa5 Rh5 30. Rae1 Bg2 31. Rf5 f6 32. Bb4+ Kg8 33. Bd7 Rd8 34. Be6+ Kh7 35. gxf6 Rxf5 36. Bxf5 gxf6 37. a5 Kg7 38. Bxg6 Kxg6 39. c4 Rb8 40. Bc3 Rc8 41. Re6 Rxc4 42. Rxf6+ Kg5 43. Bb2 Ra4 44. Ra6 Ra2 45. Bd4 Bd5 46. Be3+ Kg4 47. Bd4 Rg2+ 0-1

[Event "Iberoamerican-ch 5th"]
[Site "Linares"]
[Date "2014.07.22"]
[Round "1"]
[White "Sanchez, Jorge Luis"]
[Black "Roselli Mailhe, Bernardo"]
[Result "0-1"]
[WhiteElo "2090"]
[BlackElo "2425"]
[PlyCount "138"]
[EventDate "2014.07.22"]
[EventType "swiss"]
[EventRounds "9"]
[EventCountry "ESP"]
[SourceTitle "CBM 161 Extra"]
[Source "ChessBase"]
[SourceDate "2014.08.29"]
[SourceVersion "1"]
[SourceVersionDate "2014.08.29"]
[SourceQuality "1"]

1. e4 e6 2. d4 d5 3. Nd2 a6 4. Ngf3 c5 5. exd5 exd5 6. dxc5 Bxc5 7. Nb3 Ba7 8. Bd3 Qe7+ 9. Be2 Nf6 10. 0-0 0-0 11. Bg5 Nc6 12. c3 Re8 13. Bd3 Bg4 14. h3 Bh5 15. g4 Bg6 16. Bxg6 hxg6 17. Nbd4 Qd6 18. Bxf6 gxf6 19. Re1 Re4 20. Kg2 Rd8 21. Qd2 Ne5 22. Rad1 Bb6 23. Qh6 Qe7 24. Nd2 Rxe1 25. Rxe1 Qd6 26. N2b3 Nd3 27. Re3 Nf4+ 28. Kf3 Bc7 29. Nc1 Qd7 30. Nce2 Nxe2 31. Rxe2 Re8 32. Rxe8+ Qxe8 33. Qe3 Qe5 34. Ke2 Kg7 35. Nf3 Qe6 36. Nd4 Qd6 37. Kd3 Qd7 38. f4 Qa4 39. a3 Qd1+ 40. Qd2 Qf1+ 41. Kc2 Qxh3 42. g5 fxg5 43. fxg5 Qg4 44. Ne2 Qf5+ 45. Kb3 Bd8 46. Qd4+ Kg8 47. Nf4 Bxg5 48. Nxd5 Bd8 49. c4 Qe6 50. Nf4 Qb6+ 51. Qxb6 Bxb6 52. Kc2 g5 53. Nd5 g4 54. Nf6+ Kg7 55. Nxg4 Bg1 56. b4 Kg6 57. Kd3 Kg5 58. Ne5 Kf6 59. Ke4 Ke6 60. Nf3 f5+ 61. Kf4 Ba7 62. a4 Bb8+ 63. Kg5 Be5 64. Nh4 Bf6+ 65. Kh5 Bxh4 66. Kxh4 Ke5 67. Kg3 Kd4 68. c5 Kc4 69. b5 axb5 0-1

[Event "Panama op 3rd"]
[Site "Panama City"]
[Date "2013.10.30"]
[Round "1"]
[White "Sanchez, Jorge Luis"]
[Black "Vera Gonzalez Quevedo, Reynaldo"]
[Result "0-1"]
[WhiteElo "2137"]
[BlackElo "2446"]
[PlyCount "95"]
[EventDate "2013.10.30"]
[EventType "swiss"]
[EventRounds "9"]
[EventCountry "PAN"]
[SourceTitle "EXT 2014"]
[Source "ChessBase"]
[SourceDate "2013.11.20"]
[SourceVersion "1"]
[SourceVersionDate "2013.11.20"]
[SourceQuality "1"]

1. e4 c5 2. Nf3 d6 3. d4 cxd4 4. Nxd4 Nf6 5. Nc3 a6 6. Be3 e6 7. f3 b5 8. Qd2 Nbd7 9. g4 Nb6 10. 0-0-0 Bb7 11. a3 Rc8 12. Kb1 Be7 13. h4 Nfd7 14. Nb3 0-0 15. g5 d5 16. h5 b4 17. axb4 Bxb4 18. g6 fxg6 19. hxg6 hxg6 20. Bh3 Re8 21. Bg5 Qc7 22. exd5 Bxc3 23. Qxc3 Qxc3 24. bxc3 Nxd5 25. Kb2 Ne5 26. Na5 Nxf3 27. Nxb7 Rb8 28. Bxe6+ Rxe6 29. Rxd5 Rxb7+ 30. Ka3 Nxg5 31. Rxg5 Rc6 32. Rh3 Kf7 33. Rhg3 Rb1 34. Rf3+ Rf6 35. Rd3 Rf5 36. Rdg3 Rxg5 37. Rxg5 Kf6 38. Ra5 g5 39. Rxa6+ Kf5 40. Rd6 g4 41. c4 g3 42. Rd2 Kg4 43. c5 Kh3 44. c6 Rb8 45. Rd7 g5 46. c7 Rc8 47. Kb4 g2 48. Rd3+ 0-1

[Event "PAN-ch"]
[Site "Panama"]
[Date "2012.06.10"]
[Round "4"]
[White "Cantilo Paz, Agustin"]
[Black "Sanchez, Jorge Luis"]
[Result "0-1"]
[WhiteElo "2022"]
[BlackElo "2137"]
[PlyCount "164"]
[EventDate "2012.06.07"]
[EventType "tourn"]
[EventRounds "9"]
[EventCountry "PAN"]
[SourceTitle "CBM 149 Extra"]
[Source "ChessBase"]
[SourceDate "2012.08.24"]
[SourceVersion "1"]
[SourceVersionDate "2012.08.24"]
[SourceQuality "1"]

1. Nf3 Nf6 2. g3 g6 3. Bg2 Bg7 4. 0-0 0-0 5. c4 d6 6. Nc3 Nc6 7. a3 a5 8. Rb1 e5 9. d3 Ne8 10. Nd5 Ne7 11. Bg5 f6 12. Nxe7+ Qxe7 13. Bd2 f5 14. Qc1 c6 15. Bg5 Nf6 16. Bh6 Bxh6 17. Qxh6 Qg7 18. Qc1 Bd7 19. Qc3 e4 20. dxe4 Nxe4 21. Qxg7+ Kxg7 22. Rfd1 Be6 23. Rbc1 Rfd8 24. Nd4 Bf7 25. g4 Kf6 26. Rd3 a4 27. gxf5 gxf5 28. Rh3 Rg8 29. f3 Ng5 30. Rh4 Rg6 31. Kf2 Rag8 32. Bf1 R8g7 33. Rf4 Be6 34. h4 Ke5 35. e3 Nf7 36. Bh3 Nh6 37. Re1 Bd7 38. Rd1 Rg3 39. Bf1 Rg1 40. Ne2 Rh1 41. Rfd4 Rh2+ 42. Ke1 Nf7 43. c5 d5 44. Rxa4 Nd8 45. Rb4 Be8 46. Nf4 Rg1 47. Ne2 Rg7 48. Nf4 Ne6 49. Nxe6 Kxe6 50. Rd2 Rh1 51. Rf2 Bh5 52. Kd2 h6 53. e4 fxe4 54. fxe4 Rgg1 55. exd5+ cxd5 56. Rb6+ Ke5 57. Rxh6 Rxh4 58. Rhf6 Rd4+ 59. Kc2 Bg6+ 60. Kc3 Rd1 61. Bh3 Rd3+ 62. Kb4 Rxh3 63. Rb6 Rg4+ 64. Ka5 Rh7 65. Rff6 Bc2 66. b4 Rg3 67. a4 Ra3 68. Rbe6+ Kd4 69. Rf4+ Be4 70. Kb5 Ke3 71. Rg4 Rh3 72. a5 Kf3 73. Rg7 d4 74. Rf7+ Ke3 75. Rxb7 d3 76. Rbe7 Rh4 77. c6 d2 78. Rd7 Rd3 79. Rxd3+ Kxd3 80. c7 Bf5 81. Re8 d1Q 82. Rd8+ Rd4 0-1

[Event "Olympiad-39"]
[Site "Khanty-Mansiysk"]
[Date "2010.09.28"]
[Round "7.2"]
[White "Sanchez, Jorge Luis"]
[Black "Steadman, Michael VR"]
[Result "0-1"]
[WhiteElo "2163"]
[BlackElo "2309"]
[PlyCount "84"]
[EventDate "2010.09.21"]
[EventType "team-swiss"]
[EventRounds "11"]
[EventCountry "RUS"]
[SourceTitle "CBM 139"]
[Source "ChessBase"]
[SourceDate "2010.11.18"]
[SourceVersion "1"]
[SourceVersionDate "2010.11.18"]
[SourceQuality "1"]
[WhiteTeam "Panama"]
[BlackTeam "New Zealand"]
[WhiteTeamCountry "PAN"]
[BlackTeamCountry "NZL"]

1. e4 e6 2. d4 d5 3. e5 c5 4. c3 Nc6 5. Nf3 Nh6 6. Bd3 f6 7. exf6 Qxf6 8. Bg5 Qf7 9. 0-0 Nf5 10. Na3 Bd6 11. Nb5 Bb8 12. Qc2 a6 13. Bxf5 exf5 14. Rfe1+ Kf8 15. Na3 f4 16. Ne5 Nxe5 17. dxe5 h6 18. e6 Bxe6 19. Qe2 hxg5 20. Qxe6 Bc7 21. Qg4 Bd8 22. Rad1 Bf6 23. Nc4 dxc4 24. Rd7 Qh5 25. Qe6 Qxh2+ 26. Kf1 Qh1+ 27. Ke2 Qh5+ 28. Kd2 Rh6 29. Qxc4 Re8 30. Rxb7 Rxe1 31. Kxe1 Qe8+ 32. Kd2 Be7 33. Kc2 Rd6 34. Qe4 Qf7 35. Rc7 Qe6 36. Qa8+ Rd8 37. Qf3 Qd6 38. Ra7 Qd2+ 39. Kb3 Qd6 40. Kc2 Qg6+ 41. Kc1 c4 42. Qe2 Qd6 0-1

[Event "Olympiad-39"]
[Site "Khanty-Mansiysk"]
[Date "2010.09.25"]
[Round "5.2"]
[White "Maduro, Sherman"]
[Black "Sanchez, Jorge Luis"]
[Result "0-1"]
[WhiteElo "2009"]
[BlackElo "2163"]
[PlyCount "76"]
[EventDate "2010.09.21"]
[EventType "team-swiss"]
[EventRounds "11"]
[EventCountry "RUS"]
[SourceTitle "CBM 139"]
[Source "ChessBase"]
[SourceDate "2010.11.18"]
[SourceVersion "1"]
[SourceVersionDate "2010.11.18"]
[SourceQuality "1"]
[WhiteTeam "Netherlands Antilles"]
[BlackTeam "Panama"]
[WhiteTeamCountry "AHO"]
[BlackTeamCountry "PAN"]

1. e4 d6 2. d4 Nf6 3. f3 g6 4. Be3 Bg7 5. Nc3 c6 6. Qd2 Nbd7 7. 0-0-0 b5 8. Bh6 Bxh6 9. Qxh6 b4 10. Nce2 Qa5 11. Kb1 Nb6 12. Nc1 Na4 13. Nb3 Qc7 14. g4 Be6 15. Ne2 a5 16. d5 cxd5 17. Nf4 Bd7 18. g5 Nxb2 19. Kxb2 Qc3+ 20. Kb1 Qxf3 21. Be2 Qxf4 22. Qg7 Rg8 23. gxf6 Rxg7 24. fxg7 0-0-0 25. Rhf1 Qh6 26. Rxf7 Rg8 27. Nxa5 Rxg7 28. Rf8+ Kc7 29. exd5 Qxh2 30. Ba6 g5 31. Ra8 Qf2 32. Bd3 g4 33. Rf1 Qd4 34. Rff8 Qb6 35. Ra6 Qg1+ 36. Rf1 Qd4 37. Rf8 g3 38. Nb3 g2 0-1

[Event "Santa Cruz Monroy Memorial"]
[Site "Santa Cruz"]
[Date "2010.01.13"]
[Round "9"]
[White "Sanchez, Jorge Luis"]
[Black "Monroy Carrizo, Javier"]
[Result "1/2-1/2"]
[WhiteElo "2181"]
[BlackElo "2146"]
[PlyCount "44"]
[EventDate "2010.01.08"]
[EventType "tourn"]
[EventRounds "9"]
[EventCountry "BOL"]
[SourceTitle "CBM 134 Extra"]
[Source "ChessBase"]
[SourceDate "2010.03.03"]
[SourceVersion "1"]
[SourceVersionDate "2010.03.03"]
[SourceQuality "1"]

1. e4 d6 2. d4 Nf6 3. Nc3 g6 4. f4 Bg7 5. e5 Nfd7 6. Nf3 c5 7. e6 fxe6 8. Ng5 Nf6 9. dxc5 0-0 10. Bc4 d5 11. Be2 Nc6 12. 0-0 Bd7 13. Kh1 Qa5 14. Be3 h6 15. Nf3 Ng4 16. Bg1 Rxf4 17. Nxd5 exd5 18. Qxd5+ Kh7 19. Qxd7 Qb4 20. Bd3 Qxb2 21. Rab1 Qxa2 22. Rxb7 Rf6 1/2-1/2

[Event "Santa Cruz Monroy Memorial"]
[Site "Santa Cruz"]
[Date "2010.01.12"]
[Round "8"]
[White "Lopez, Mario Iver"]
[Black "Sanchez, Jorge Luis"]
[Result "1/2-1/2"]
[WhiteElo "2245"]
[BlackElo "2181"]
[PlyCount "31"]
[EventDate "2010.01.08"]
[EventType "tourn"]
[EventRounds "9"]
[EventCountry "BOL"]
[SourceTitle "CBM 134 Extra"]
[Source "ChessBase"]
[SourceDate "2010.03.03"]
[SourceVersion "1"]
[SourceVersionDate "2010.03.03"]
[SourceQuality "1"]

1. e4 e5 2. Nf3 Nc6 3. Bb5 a6 4. Bxc6 dxc6 5. d4 exd4 6. Qxd4 Qxd4 7. Nxd4 Nf6 8. f3 Bc5 9. Nb3 Be7 10. Be3 Be6 11. N1d2 Bxb3 12. Nxb3 0-0 13. 0-0-0 Rad8 14. Rxd8 Rxd8 15. Rd1 Rxd1+ 16. Kxd1 1/2-1/2

[Event "Deportes zt 2.3.2 "]
[Site "Deportes"]
[Date "2008.06.10"]
[Round "3"]
[White "Leyva, Hector"]
[Black "Sanchez, Jorge Luis"]
[Result "1-0"]
[WhiteElo "2409"]
[BlackElo "2207"]
[PlyCount "85"]
[EventDate "2008.06.09"]
[EventType "swiss"]
[EventRounds "9"]
[EventCountry "GUA"]
[SourceTitle "CBM 124 Extra"]
[Source "ChessBase"]
[SourceDate "2008.07.03"]
[SourceVersion "1"]
[SourceVersionDate "2008.07.03"]
[SourceQuality "1"]

1. d4 Nf6 2. Nf3 g6 3. c4 c5 4. d5 Bg7 5. Nc3 d6 6. e4 0-0 7. h3 b5 8. cxb5 a6 9. bxa6 Nxa6 10. Be2 Rb8 11. 0-0 Nd7 12. Nb5 Nf6 13. Nd2 Re8 14. Nc3 e6 15. a3 exd5 16. exd5 Nc7 17. Bf3 Bb7 18. Nc4 Ba6 19. Qa4 Bf8 20. Rd1 Nd7 21. Na5 Ra8 22. Nc6 Qf6 23. Qg4 Ne5 24. Nxe5 Qxe5 25. Bf4 f5 26. Qg3 Qf6 27. Re1 Rab8 28. Rxe8 Nxe8 29. Re1 Qf7 30. Be2 Bc8 31. Bb5 Bd7 32. a4 Rb6 33. Qe3 Nf6 34. Bh6 Rb8 35. Bxf8 Kxf8 36. Qf4 Ne8 37. Rxe8+ Kxe8 38. Qxd6 Rd8 39. Qe5+ Kf8 40. Qh8+ Qg8 41. Qf6+ Ke8 42. d6 Qf7 43. Qe5+ 1-0

[Event "Olympiad-37"]
[Site "Turin"]
[Date "2006.05.30"]
[Round "9"]
[White "Schadler, Martin"]
[Black "Sanchez, Jorge Luis"]
[Result "1/2-1/2"]
[WhiteElo "2170"]
[BlackElo "2198"]
[PlyCount "91"]
[EventDate "2006.05.21"]
[EventType "team-swiss"]
[EventRounds "13"]
[EventCountry "ITA"]
[SourceTitle "CBM 113"]
[Source "ChessBase"]
[SourceDate "2006.07.31"]
[SourceVersion "1"]
[SourceVersionDate "2006.07.31"]
[SourceQuality "1"]
[WhiteTeam "Liechtenstein"]
[BlackTeam "Panama"]
[WhiteTeamCountry "LIE"]
[BlackTeamCountry "PAN"]

1. d4 Nf6 2. c4 g6 3. Nc3 Bg7 4. e4 d6 5. f4 0-0 6. Nf3 c5 7. d5 b5 8. cxb5 a6 9. bxa6 Qa5 10. Bd2 Bxa6 11. Bxa6 Qxa6 12. Qe2 Qb7 13. 0-0 Na6 14. Rab1 Rfb8 15. a3 Qb3 16. h3 Nc7 17. Rfd1 Nd7 18. e5 dxe5 19. fxe5 Nxd5 20. Nxd5 Qxd5 21. Bc3 Qc6 22. Ng5 Nf8 23. Qf1 Qe8 24. Qc4 h6 25. Ne4 Ra4 26. Qe2 Qc6 27. Re1 Ne6 28. Qf3 Qc7 29. Rf1 Rf8 30. Rbe1 Nd4 31. Bxd4 Rxd4 32. e6 fxe6 33. Qb3 Rxf1+ 34. Kxf1 Qf4+ 35. Qf3 Qxf3+ 36. gxf3 Rd3 37. Nxc5 Rxf3+ 38. Kg2 Rf5 39. b4 Bb2 40. Rxe6 Bxa3 41. Rxg6+ Kh7 42. Rg4 Bxb4 43. Rxb4 Rxc5 44. Re4 Rc7 45. Re6 Kg7 46. Kg3 1/2-1/2

[Event "Olympiad-37"]
[Site "Turin"]
[Date "2006.05.29"]
[Round "8"]
[White "Ahmed, Ali Layth Ahmed"]
[Black "Sanchez, Jorge Luis"]
[Result "1-0"]
[WhiteElo "2179"]
[BlackElo "2198"]
[PlyCount "117"]
[EventDate "2006.05.21"]
[EventType "team-swiss"]
[EventRounds "13"]
[EventCountry "ITA"]
[SourceTitle "CBM 113"]
[Source "ChessBase"]
[SourceDate "2006.07.31"]
[SourceVersion "1"]
[SourceVersionDate "2006.07.31"]
[SourceQuality "1"]
[WhiteTeam "Iraq"]
[BlackTeam "Panama"]
[WhiteTeamCountry "IRQ"]
[BlackTeamCountry "PAN"]

1. d4 Nf6 2. c4 g6 3. Nc3 Bg7 4. e4 d6 5. Nf3 0-0 6. Be2 e5 7. 0-0 exd4 8. Nxd4 Re8 9. f3 Nc6 10. Be3 Nh5 11. Nxc6 bxc6 12. g4 Nf6 13. Qd2 Qe7 14. Rfe1 a5 15. Rac1 Bb7 16. Bf1 h5 17. g5 Nh7 18. Bg2 Rad8 19. f4 Bc8 20. h4 Be6 21. b3 Qd7 22. Bd4 Bxd4+ 23. Qxd4 Bh3 24. Bf3 Bg4 25. Qf2 Nf8 26. Qg3 Bxf3 27. Qxf3 Ne6 28. Rcd1 Ng7 29. Re2 Qe6 30. Kh2 Ra8 31. Qh3 Rab8 32. Qxe6 Nxe6 33. Kg3 Nc5 34. e5 dxe5 35. fxe5 Kf8 36. Re3 Re7 37. Ne2 Ne6 38. Nd4 Nxd4 39. Rxd4 Ke8 40. e6 Rxe6 41. Rxe6+ fxe6 42. Rf4 Ke7 43. Rf6 Rg8 44. c5 Rg7 45. Kf4 e5+ 46. Kxe5 Kd7 47. Rf8 a4 48. bxa4 Ke7 49. Rf6 Kd7 50. a5 Re7+ 51. Kf4 Re2 52. Rxg6 Rxa2 53. Rg7+ Ke6 54. Rxc7 Ra4+ 55. Kg3 Kd5 56. Rh7 Kxc5 57. Rxh5 Kd6 58. g6 Ke6 59. Rg5 1-0